| 000 | 00855nam a2200241 a 4500 | ||
|---|---|---|---|
| 008 | |||
| 020 | _a1779170149 (pbk. ) | ||
| 049 | _aMAIN | ||
| 090 | _aSC944 | ||
| 245 | 0 | 0 |
_aConservancies as comlementary land reform models in southern Africa : _binsights from case studies on Zimbabwe and Namibia / _ccompiled and edited by Cecil Machena & Fannie Mutepfa. |
| 260 |
_aHarare : _bZERO and IUCN-ROSA, _c2003. |
||
| 300 |
_avi, 29 p. : _bill. ; _c27 cm. |
||
| 504 | _aIncludes bibliographical references. | ||
| 700 | 1 | _aMachena, Cecil. | |
| 700 | 1 | _aMutepfa, Fannie. | |
| 710 | 2 | _aZERO (Organization : Harare, Zimbabwe) | |
| 710 | 2 | _aIUCN Regional Office for Southern Africa. | |
| 907 |
_a.b10144225 _b06-12-06 _c20-12-04 |
||
| 003 | |||
| 005 | 20230123133901.0 | ||
| 040 | _cNUST | ||
| 942 |
_cBOOKS _kSC944 |
||
| 999 |
_c156284 _d156284 |
||